| 000 | 00450nam a22001697a 4500 | ||
|---|---|---|---|
| 003 | MACL | ||
| 005 | 20160802123719.0 | ||
| 008 | 160802b xxu||||| |||| 00| 0 eng d | ||
| 040 | _cMACL | ||
| 041 | _aEnglish | ||
| 082 | _a080 Sin | ||
| 100 |
_aSingh, Bhim _91934 |
||
| 245 |
_aPeace Mission _bAround The World On Motorcycle _cBhim Singh |
||
| 260 |
_aNew Delhi _bHar-Anand Publications _c2011 |
||
| 650 |
_aMotivation _917135 |
||
| 942 |
_2ddc _cBK |
||
| 999 |
_c55422 _d55422 |
||